Dopasuj kod IATA do lotniska w Polsce - Statystyki

Ogólne statystyki
  • Ten quiz został rozwiązany 24 razy
    15 od ostatniego zresetowania
  • Średni wynik to 7 z 15
Statystyki odpowiedzi
Hint Odpowiedź % Poprawnych
RDO Warszawa - Radom
93%
WMI Warszawa - Modlin
86%
WAW Warszawa - Okęcie
79%
KRK Kraków - Balice
64%
KTW Katowice - Pyrzowice
57%
RZE Rzeszów - Jasionka
57%
SZY Olsztyn - Szymany
50%
POZ Poznań - Ławica
43%
SZZ Szczecin - Goleniów
43%
IEG Zielona Góra - Babimost
36%
LCJ Łódź - Lublinek
29%
WRO Wrocław - Strachowice
29%
BZG Bydgoszcz - Szwederowo
21%
LUB Lublin - Świdnik
21%
GDN Gdańsk - Solidarność
7%
Nie znaleziono quizów pasujących do podanych kryteriów
Rozkład punktacji
Procent ludzi z każdym wynikiem
Percentyl według liczby udzielonych odpowiedzi
Twoja historia wyników
Nie rozwiązałeś tego quizu od ostatniego zresetowania